书目信息 |
| 题名: |
从零开始学韩语
|
|
| 作者: | 金英爱 编著 | |
| 分册: | ||
| 出版信息: | 北京 中国纺织出版社 2015 |
|
| 页数: | 508页 | |
| 开本: | 24cm | |
| 丛书名: | ||
| 单 册: | ||
| 中图分类: | H55 | |
| 科图分类: | ||
| 主题词: | 朝鲜语--自学参考资料 | |
| 电子资源: | ||
| ISBN: | 978-7-5180-1210-7 | |
| 000 | 00940nam0 2200241 450 | |
| 001 | 012001001876 | |
| 005 | 20140921103355.0 | |
| 010 | @a978-7-5180-1210-7@dCNY49.80 | |
| 100 | @a20150310d2015 em y0chiy50 ea | |
| 101 | 0 | @achi@akor |
| 102 | @aCN@b110000 | |
| 105 | @ay z 000yy | |
| 106 | @ar | |
| 200 | 1 | @a从零开始学韩语@9cong ling kai shi xue han yu@e韩语发音、单词、口语速成全攻略@f金英爱编著 |
| 210 | @a北京@c中国纺织出版社@d2015 | |
| 215 | @a508页@d24cm | |
| 330 | @a本书包含了韩语41音、单词、会话、语法、敬语等多个环节,内容涵盖了各种生活场景的实用会话,从易到难,仔细阅读完这本书,你就会发现,原本对于韩语一窍不通的自己,已慢慢拥有了最基本的韩语交际能力。 | |
| 517 | 1 | @a韩语发音、单词、口语速成全攻略@9han yu fa yin、dan ci、kou yu su cheng quan gong lue |
| 606 | 0 | @a朝鲜语@j自学参考资料 |
| 690 | @aH55@v5 | |
| 701 | 0 | @a金英爱@9jin ying ai@4编著 |
| 801 | 0 | @aCN@b上海新华@c20180901 |
| 905 | @b1157160-4@dH55@e37@f5 | |
| 从零开始学韩语:韩语发音、单词、口语速成全攻略/金英爱编著.-北京:中国纺织出版社,2015 |
| 508页;24cm |
| ISBN 978-7-5180-1210-7:CNY49.80 |
| 本书包含了韩语41音、单词、会话、语法、敬语等多个环节,内容涵盖了各种生活场景的实用会话,从易到难,仔细阅读完这本书,你就会发现,原本对于韩语一窍不通的自己,已慢慢拥有了最基本的韩语交际能力。 |
| ● |
| 相关链接 |
|
|
|
|
正题名:从零开始学韩语
索取号:H55/37
 
预约/预借
| 序号 | 登录号 | 条形码 | 馆藏地/架位号 | 状态 | 备注 |
| 1 | 1157160 | 211571609 | 第二样本阅览室/ [索取号:H55/37] | 在馆 | |
| 2 | 1157161 | 211571618 | 第四借阅区/ [索取号:H55/37] | 在馆 | |
| 3 | 1157162 | 211571627 | 第四借阅区/ [索取号:H55/37] | 在馆 | |
| 4 | 1157163 | 211571636 | 密集书库—外国语学院/ [索取号:H55/37] | 在馆 | |
| 5 | 1157164 | 211571645 | 第四借阅区/ [索取号:H55/37] | 在馆 |